00374nam a2200121Ia 4500003000400000005001700004008004100021040001800062041000800080100003400088245009700122260003300219OSt20260128123804.0211028s2018 xx 000 0 und d cAIMIT LIBRARY aeng aAsha Y; Dias, Beena.g1616022 aRecruitment and selection process: a case study with reference to Mandovi motors Bangalore / aMangalorebBeena Dias.c2018